| 000 | 01064cam a2200301 i 4500 | ||
|---|---|---|---|
| 999 |
_c28457 _d28428 |
||
| 001 | 18094040 | ||
| 003 | EG-ScBUE | ||
| 005 | 20200805130056.0 | ||
| 008 | 140331s2015 nyua f b 001 0 eng d | ||
| 020 | _a9780415719308 (pbk.) | ||
| 040 |
_aDLC _beng _erda _cDLC _dDLC _dEG-ScBUE |
||
| 082 | 0 | 4 |
_a070.18 _bRAB _222 |
| 100 | 1 |
_aRabiger, Michael, _eauthor. |
|
| 245 | 1 | 0 |
_aDirecting the documentary / _cMichael Rabiger. |
| 250 | _aSixth edition. | ||
| 264 | 1 |
_aBurlington, MA : _bFocal Press, _c2015. |
|
| 300 |
_axxxv, 535 pages : _billustrations ; _c26 cm |
||
| 336 |
_atext _btxt _2rdacontent |
||
| 337 |
_aunmediated _bn _2rdamedia |
||
| 338 |
_avolume _bnc _2rdacarrier |
||
| 504 | _aIncludes bibliographical references and index. | ||
| 650 | 7 |
_aDocumentary films _xProduction and direction. _2BUEsh _930845 |
|
| 653 |
_bCOMAME _cJuly2020 |
||
| 655 |
_vReading book _934232 |
||
| 906 |
_a7 _bcbc _corignew _d1 _eecip _f20 _gy-gencatlg |
||
| 942 |
_2ddc _cBB |
||